• 首页
  • 本馆介绍
  • 公告通知
  • 最新文献
  • 馆藏检索
  • 电子资源
  • 读者导购
  • 参考咨询
  • 我的图书馆
  • 登录
  • 详细信息显示
  • 放入我的书架
  • 预约/预借图书
  • 作者相关作品
  • 分类相关作品
  • 丛书相关作品
  • 出版社相关作品

书目信息

  • 表格格式
  • 工作单格式
  • 卡片格式
题名:
公路工程施工监理实务
    
 
作者: 刘吉士 主编
分册:  
出版信息: 北京   人民交通出版社  1999.02
页数: 280页
开本: 20cm
丛书名:
单 册:
中图分类: U415.1
科图分类: 87.344
主题词: 道路工程--施工管理 , 施工管理--道路工程
电子资源:
ISBN: 7-114-03241-2
000 00716cam0 2200253 45
001 0199041875
005 20070615153345.70
010    @a7-114-03241-2@dCNY16.80
100    @a19990623d1999 em y0chiy0121 ea
101 0  @achi
102    @aCN@b110000
105    @ay z 000yy
200 1  @a公路工程施工监理实务@AGong Lu Gong Cheng Shi Gong Jian Li Shi Wu@f刘吉士主编@FLiu Ji Shi Zhu Bian
205    @a2版
210    @a北京@c人民交通出版社@d1999.02
215    @a280页@d20cm
606    @a道路工程@x施工管理
606    @a施工管理@x道路工程
690    @aU415.1@v4
692    @a87.344@v2
701  0 @a刘吉士@ALiu Ji Shi@4主编
801  0 @aCN@bNLC@c20070615
905    @aBZT@dU415.1@e2
906    @dCNY16.80@n0@r1
    
    公路工程施工监理实务/刘吉士主编.-2版.-北京:人民交通出版社,1999.02
    280页;20cm
    
    
    ISBN 7-114-03241-2:CNY16.80
    
●
相关链接 在五车中查询图书 在当当中查询图书 在豆瓣中查询图书


正题名:公路工程施工监理实务     索取号:U415.1/2         预约/预借

序号 登录号 条形码 馆藏地/架位号 状态 备注
1 560109   230139047   中心书库北库/ 北库040架A面2列4层48/ [索取号:U415.1/2] 在馆    
2 560110   230139045   中心书库北库/ 北库040架A面2列4层47/ [索取号:U415.1/2] 在馆    
3 560111   230139046   中心书库北库/ 北库040架A面2列4层49/ [索取号:U415.1/2] 在馆    
4 560112   230139043   中心书库北库/ 北库040架A面2列4层46/ [索取号:U415.1/2] 在馆    
5 560113   230139044   中心书库北库/ 北库040架A面2列4层55/ [索取号:U415.1/2] 在馆    
6 560114   230139042   中心书库北库/ 北库040架A面2列4层52/ [索取号:U415.1/2] 在馆    
7 560115   230139040   中心书库北库/ 北库040架A面2列4层54/ [索取号:U415.1/2] 在馆    
8 560116   230139041   中心书库北库/ 北库040架A面2列4层51/ [索取号:U415.1/2] 在馆    
9 560117   230139039   中心书库北库/ 北库040架A面2列4层50/ [索取号:U415.1/2] 在馆    
10 560118   230139038   中心书库北库/ 北库040架A面2列4层53/ [索取号:U415.1/2] 在馆    
山东省滨州职业学院图书馆 欢迎您!
大连网信软件有限公司© 版权所有